02663nam a22002297a 450000500170000000700150001700800410003202000220007303500100009504000090010510000320011424501070014625600240025326000330027730000280031050016790033850602700201765000280228765000390231574000380235485600410239220240305165628.0cr|||| |||| 220307s2017 es |||||s|||| 00||0 spa d a978-84-1381-175-8 a33680 avLex1 aArgelich Comelles, Cristina12aLa expropiación temporal del uso de viviendash[Recurso electrónico] /cCristina Argelich Comelles aServicio en línea aMadrid:bMarcial Pons,c2017 a1 recurso electrónico aLa presente monografía analiza la armonización entre la expropiación temporal del uso de viviendas y la legislación de arrendamientos urbanos mediante un estudio comparado con las disposiciones del Reino Unido, Francia y Bélgica, que regulan instrumentos análogos. Esta normativa expropiatoria ha sido articulada por algunos legisladores autonómicos hasta el año 2017, lo que justifica el interés científico de esta investigación al no existir un estudio monográfico previo. La legislación de expropiación temporal de viviendas supone el resurgimiento y actualización del arrendamiento forzoso, referido a la constitución forzosa y a la prórroga forzosa. Este estudio se inicia con la categorización del arrendamiento forzoso y sus manifestaciones tradicionales en el capítulo primero, prestando especial atención a las consecuencias negativas de su aplicación. Posteriormente, se examina la configuración de la expropiación temporal de viviendas y su posterior arrendamiento en el capítulo segundo. En el capítulo tercero, se emite un pronunciamiento expreso sobre la constitucionalidad de estas medidas para, una vez concluido el examen completo de la regulación, analizar en el capítulo cuarto las alternativas de lege lata y proponer otras de lege ferenda. Estas últimas se concretan en un arrendamiento forzoso ejecutado por fases mediante la ejecución subsidiaria, la posibilidad de articular un nuevo procedimiento expropiatorio especial y el legal transplant de las formas de gestión de viviendas vacías del Derecho comparado en España, en especial las Empty Dwelling Management Orders del Reino Unido.1 aDisponible solo en los productos indicadosdvLex GlobaldvLex Global (Academic Edition, excluding Law Schools)dvLex Global (U.S. Academic Edition, Law Schools)dvLex Global (U.S. Academic Edition, excluding Law Schools)dvLex Global (Academic Edition, Law Schools)04aDerecho CivilzEspaña04aActividad AdministrativazEspaña0 avLex Libros (Servicio en línea)40uhttps://app.vlex.com/#/sources/33680